Normal view
MARC view
- Niazi, Syed Nazir
Entry Personal Name
001 - CONTROL NUMBER
- control field: 14992
003 - CONTROL NUMBER IDENTIFIER
- control field: NUST
005 - DATE AND TIME OF LATEST TRANSACTION
- control field: 20190618065741.0
008 - FIXED-LENGTH DATA ELEMENTS
- fixed length control field: 190618|| aca||aabn | a|a d
040 ## - CATALOGING SOURCE
- Original cataloging agency: NUST
- Transcribing agency: NUST
100 ## - HEADING--PERSONAL NAME
- Personal name: Niazi, Syed Nazir
670 ## - SOURCE DATA FOUND
- Source citation: Work cat.: (NUST): Niazi, Syed Nazir, Maqtobaat e Iqbal /, 1957.
